000 00287nam a22001337a 4500
999 _c534034
_d534034
020 _a1400079985
040 _cMSOHAIL
082 _a891.733
100 _aLeo Tolstoy
_927918
245 _aWar and Peace
260 _aNewyork
_b Vintage;
_cc2002
300 _a1386;p
942 _2ddc
_cBK